Complete gardener's guide herbs / (Record no. 53350)

MARC details
000 -LEADER
fixed length control field 00591nam a2200229Ia 4500
005 - DATE AND TIME OF LATEST TRANSACTION
control field 20260429112307.0
008 - FIXED-LENGTH DATA ELEMENTS--GENERAL INFORMATION
fixed length control field 260429s9999||||xx |||||||||||||| ||und||
020 ## - INTERNATIONAL STANDARD BOOK NUMBER
International Standard Book Number 9781552096246
041 ## - LANGUAGE CODE
Language English
082 ## - DEWEY DECIMAL CLASSIFICATION NUMBER
Classification number 635.7
Item number LIM
100 ## - MAIN ENTRY--PERSONAL NAME
Personal name Lima, Patrick
245 #0 - TITLE STATEMENT
Title Complete gardener's guide herbs /
Statement of responsibility, etc Patrick Lima
260 ## - PUBLICATION, DISTRIBUTION, ETC. (IMPRINT)
Place of publication, distribution, etc New York :
Name of publisher, distributor, etc Firefly Books,
Date of publication, distribution, etc 2001.
300 ## - PHYSICAL DESCRIPTION
Extent 222 p.; pbk
650 ## - SUBJECT ADDED ENTRY--TOPICAL TERM
Topical term or geographic name as entry element Gardening
650 ## - SUBJECT ADDED ENTRY--TOPICAL TERM
Topical term or geographic name as entry element Herb gardening
650 ## - SUBJECT ADDED ENTRY--TOPICAL TERM
Topical term or geographic name as entry element Horticulture
650 ## - SUBJECT ADDED ENTRY--TOPICAL TERM
Topical term or geographic name as entry element Kitchen gardening
650 ## - SUBJECT ADDED ENTRY--TOPICAL TERM
Topical term or geographic name as entry element Medicinal plants
650 ## - SUBJECT ADDED ENTRY--TOPICAL TERM
Topical term or geographic name as entry element Herbs
942 ## - ADDED ENTRY ELEMENTS (KOHA)
Koha item type Text Books
Holdings
Withdrawn status Lost status Damaged status Not for loan Collection code Home library Location Shelving location Date of Cataloging Source of acquisition Total Checkouts Full call number Barcode Date last seen Price effective from Koha item type
        Non-fiction CUTN Central Library CUTN Central Library Medicine, Technology & Management 29/04/2026 Kiran Book Centre, Bengaluru - Invoice No. 302/25-26 on 11-02-2026   635.7 LIM 56116 29/04/2026 29/04/2026 Text Books
        Non-fiction CUTN Central Library CUTN Central Library Medicine, Technology & Management 29/04/2026 Kiran Book Centre, Bengaluru - Invoice No. 302/25-26 on 11-02-2026   635.7 LIM 56117 29/04/2026 29/04/2026 Text Books